000 nam a22 a 4500
999 _c381875
_d381875
003 BLK
005 20200813085352.0
008 202008b bul|||||r ||||||| ||bul||
040 _aBLK
041 _aBUL
_cBUL
080 _aИндустриално строителство
_b69.057
_x.7/8(02)
_z69.057.7/8(02)
100 1 _aВлахов, Георги Хр.
_eПърви автор
_9426966
139 _aВлахов, Георги Хр.
245 1 0 _aНаръчник за транспорт на земни маси и на строителни материали
_cГеорги Хр. Влахов.
250 _a2. прераб. изд.
257 _aBGR
260 _aСофия
_bТехника
_c1970
_fСт. Загора : ОП Печат
300 _a151 с.
_bс черт.
_c18 см
380 _a62
490 1 _aБиблиотека М-во на строежите
_v3
500 _a1 775 тир.
650 0 _9271488
_aСтроителни работи
653 7 _9198586
_aтранспорт
852 _aЦб І 11514
_bЦб
942 _cKNG
_n0
_s1
944 _aCR
_c2020-08-13
_kМикаела Микова - Илиева
999 _d381875
999 _d438899